| 000 | 00506 a2200181 4500 | ||
|---|---|---|---|
| 005 | 20140923103822.0 | ||
| 008 | 140923b xxu||||| |||| 00| 0 eng d | ||
| 020 | _a9781439840146 | ||
| 080 |
_a544.23 _bSCH |
||
| 100 |
_aSchneider, Hans-Jorg; ed., _eed., |
||
| 245 | _aApplications of supramolecular chemistry | ||
| 260 |
_bCRC _c2012 _aBoca Raton |
||
| 300 | _axi, 441p. | ||
| 653 | _aSupramolecular chromatography | ||
| 653 | _aSupramolecular polymers | ||
| 653 | _aMolecular tectonics | ||
| 942 | _cBK | ||
| 999 |
_c76900 _d76899 |
||